000 00517nam a2200181 4500
001 25725
005 20230410124037.0
008 060907n2005 dr spa
020 _a0465090516
035 _9funglode25918
041 _aEN
050 1 4 _aLC 1085.2 W314u 2005
100 _aWashburn, Jennifer
245 1 _aUniversity, Inc. :
_bthe corporate corruption of American higher education /
_cJennifer Washburn
260 _aNew York :
_bBasic Books,
_c2005
300 _axx, 326 p
942 _2lcc
_cbk
999 _c69943
_d69943